Statistics for Countries That Have Had an F4/EF4 Tornado or Stronger

Click here to take the quiz!

General Stats

  • This quiz has been taken 30 times
    (12 since last reset)
  • The average score is 20 of 25

Answer Stats

CountryQuantity% Correct
Canada12
100%
China6
100%
France15
100%
Germany13
100%
India1
100%
Russia4
100%
United States1343
100%
Argentina5
91%
Austria1
91%
Italy6
91%
Australia2
82%
Bangladesh2
82%
Czechia1
82%
Mongolia1
82%
Poland5
82%
The Netherlands3
82%
Ukraine1
82%
South Africa3
73%
Hungary1
64%
Croatia1
55%
Cuba4
55%
Finland1
55%
Uruguay1
55%
Estonia1
45%
Paraguay2
36%

Score Distribution

Percentile by Number Answered

Percent of People with Each Score

Your Score History

You have not taken this quiz since the last reset